| 000 | 00815cam a22002773a 4500 | ||
|---|---|---|---|
| 001 | 881 | ||
| 003 | PGUSA | ||
| 005 | 20140828082954.0 | ||
| 008 | 970401s1997||||xxu|||||s|||||000 1 eng d | ||
| 040 |
_aPGUSA _beng |
||
| 042 | _adc | ||
| 050 | 4 | _aPS | |
| 100 | 1 |
_aStoddard, Elizabeth, _d1823-1902 |
|
| 245 | 1 | 0 |
_aLemorne Versus Huell _h[electronic resource] / _cElizabeth Stoddard |
| 260 |
_bProject Gutenberg, _c1997 |
||
| 506 | _aPublic domain in the USA. | ||
| 516 | _aElectronic text | ||
| 653 | _aYoung women -- Fiction | ||
| 653 | _aLawsuits -- Fiction | ||
| 653 | _aAunts -- Fiction | ||
| 653 | _aUnited States -- Social life and customs -- 19th century -- Fiction | ||
| 653 | _aShort stories | ||
| 830 | 0 |
_aProject Gutenberg _v881 |
|
| 856 | 4 | 0 | _uhttp://www.gutenberg.org/ebooks/881 |
| 942 | _cEB | ||
| 999 |
_c230232 _d230232 |
||